• 首页
  • 本馆介绍
  • 公告通知
  • 最新文献
  • 馆藏检索
  • 电子资源
  • 读者导购
  • 参考咨询
  • 我的图书馆
  • 登录
  • 详细信息显示
  • 放入我的书架
  • 预约/预借图书
  • 作者相关作品
  • 分类相关作品
  • 丛书相关作品
  • 出版社相关作品

书目信息

  • 表格格式
  • 工作单格式
  • 卡片格式
题名:
转折点
    
 
作者: 卡普拉 著 ;卫飒英 , 李四南 译
分册:  
出版信息: 成都   四川科学技术出版社  1988.11
页数: 438页
开本: 20cm
丛书名:
单 册:
中图分类: C0
科图分类:
主题词: 社会科学--理论 , 社会科学--方法论
电子资源:
ISBN: 7-5364-0774-2
000 00906nam0 2200265 45
001 0189021528
005 20050614164547.5
010    @a7-5364-0774-2@b精装@dCNY7.35
020    @aCN@b89021528
100    @a19910905d1988 m y0chiy0120 ea
101 1  @achi@ceng
102    @aCN@b510000
105    @ay z 000yy
200 10 @a转折点@Azhuan zhe dian@e科学、社会和正在兴起的文化@EKe Xue、She Hui HeZheng Zai Xing Qi De Wen Hua@f(美)弗里乔夫·卡普拉著@F(Mei)Fu Li Qiao Fu·Ka Pu La Zhu@g卫飒英,李四南译
210    @a成都@c四川科学技术出版社@d1988.11
215    @a438页@d20cm
517    @a科学、社会和正在兴起的文化@AKe Xue、She Hui He Zheng Zai Xing Qi De Wen Hua
606 0  @a社会科学@x理论
606 0  @a社会科学@x方法论
690    @aC0@v3
701  0 @a卡普拉@4著
702  0 @a卫飒英@Awei sa ying@4译
702  0 @a李四南@Ali si nan@4译
801  0 @aCN@bNLC@c19910905
905    @dC0@e19@b257990@f1
    
    转折点:科学、社会和正在兴起的文化/(美)弗里乔夫·卡普拉著/卫飒英,李四南译.-成都:四川科学技术出版社,1988.11
    438页;20cm
    
    
    ISBN 7-5364-0774-2(精装):CNY7.35
    
●
相关链接 在E读中查询图书 在五车中查询图书 在当当中查询图书 在豆瓣中查询图书


正题名:转折点     索取号:C0/19         预约/预借

序号 登录号 条形码 馆藏地/架位号 状态 备注
1 0257990   001121333   第一样本阅览室/ [索取号:C0/19] 在馆    
2 0257991   001121342   第一借阅区/ [索取号:C0/19] 在馆    
唐山师范学院图书馆 欢迎您!
大连网信软件有限公司© 版权所有